| 000 | 00000nam 2200000za 4500 |
| 001 | 9.692757 |
| 003 | CaOODSP |
| 005 | 20210927150453 |
| 007 | cr ||||||||||| |
| 008 | 150407|2009||||xxc|||||o f|0| 0 eng d |
| 020 | |a978-1-100-13970-8 |
| 040 | |aCaOODSP|beng |
| 043 | |an-cn--- |
| 086 | 1 |aR3-107/1-2009E-PDF |
| 110 | 1 |aCanada. |bIndian and Northern Affairs Canada. |
| 245 | 10|aImplementing Canada's Economic Action Plan : |h[electronic resource]|bimpacts for Aboriginal people and communities : an update, Fall 2009 |
| 260 | |aOttawa - Ontario : |bIndian and Northern Affairs |cFall 2009. |
| 300 | |a28p.|bcoloured maps, tables, photographs |
| 500 | |aIncorrect catalogue number (R3-107/2009) and ISBN (978-1-100-50033-1) copied in this PDF version. |
| 590 | |a09-44|b2009-10-30 |
| 690 | 07|aEconomic policy|2gcpds |
| 775 | 08|tMise en Ĺ“uvre du Plan d'action économique du Canada : |w(CaOODSP)9.636969 |
| 794 | |tImplementing Canada's Economic Action Plan : |w(CaOODSP)9.692946 |
| 795 | |tImplementing Canada's Economic Action Plan : |w(CaOODSP)9.692355 |
| 856 | 40|ahttp://publications.gc.ca|qPDF|s1617 KB|uhttps://publications.gc.ca/collections/collection_2009/ainc-inac/R3-107-1-2009E.pdf |